000
00248nam a2200109 a 4500
008
090929s1988|||| d
100
1
_a
Angeli,C.
245
1
0
_a
Zlatokopvia
260
_b
Východosl.vyd.
_a
Košice
_c
1988
041
_a
slo
044
_a
xo
_c
SK
999
_c
215
_d
215